Foodnited States of America II Quiz Stats

Quiz Updated Jul 3, 2016

Challenge
Share
Tweet
Score 0/25 Timer 06:00
2 Plays Today
% Correct
Fishigan
93.4%
Srirachawaii
89%
Floradicchio
88.9%
Bananavada Bread
87.4%
Waffleaska
84.4%
New Spamshire
84.2%
Liverginia
82.4%
Loueasycheesiana
82.1%
Berryland
81%
Fusillinois
80.6%
Ramennesota
80.6%
Oklahummus
79.9%
Vermint Chocolate Chip
78.3%
% Correct
Mashedachusetts
78.2%
New Pork
77.8%
Alahama
76.4%
South Caramelina
75.5%
West Virginiabread Man
74.3%
Cinnamindiana Roll
72.9%
New Mexiquiche
71.8%
Mississippeas
71.8%
S'moregon
71.7%
Nebraskebab
69.8%
Naantana
64.7%
Baconnecticut
60%

You're not logged in!

Compare scores with friends on all Sporcle quizzes.
Join for Free
OR
Log In

You Might Also Like...

Show Comments

Extras

Top Quizzes Today


Score Distribution

Your Account Isn't Verified!

In order to create a playlist on Sporcle, you need to verify the email address you used during registration. Go to your Sporcle Settings to finish the process.

Report this User

Report this user for behavior that violates our Community Guidelines.

Details: